Stavebno-technologický projekt pre stavbu Polyfunkčný komplex GREEN ATRIUM

Saved in:
Bibliographic Details
Main Author: Kšenzulák, Jakub (Author)
Other Authors: Hulínová, Zdenka (Thesis advisor)
Format: Manuscript Book
Language:Slovak
Published: 2024
Subjects:
Online Access:http://is.stuba.sk/zp/portal_zp.pl?podrobnosti=179444
https://opac.crzp.sk/?fn=detailBiblioForm&sid=9A7D98113A4E7D6F09A974A0EB46
Tags: Add Tag
No Tags, Be the first to tag this record!

MARC

LEADER 00000ntm a22000003a 4500
001 stuzp99083
003 SK-STU
005 20240924135858.6
007 ta
008 150427s2015----xo-----f-mn---000-0-slo-d
040 |a STU  |b slo 
041 0 |a slo 
100 1 |a Kšenzulák, Jakub  |u 010270  |4 aut  |U SvF Stavebná fakulta  |T SvF Katedra technológie stavieb  |X 93303  |U V270  |Y 28  |7 93303 
242 0 1 |a Building technology project for construction Polyfunkčný komplex GREEN ATRIUM  |y eng 
245 1 0 |a Stavebno-technologický projekt pre stavbu Polyfunkčný komplex GREEN ATRIUM 
260 |c 2024 
650 4 |a projekt staveniska  |2 slo 
650 4 |a polyfunkčný komplex  |2 slo 
650 4 |a časový plán výstavby  |2 slo 
650 4 |a drátkobetón  |2 slo 
650 4 |a construction site project  |2 eng 
650 4 |a multifunctional complex  |2 eng 
650 4 |a construction schedule  |2 eng 
650 4 |a ferroconcrete  |2 eng 
700 1 |a Hulínová, Zdenka  |u 010270  |k Z8  |4 ths  |U SvF Stavebná fakulta  |T SvF Katedra technológie stavieb  |X 853  |U V270  |Y 28  |7 A000000853 
856 4 |u http://is.stuba.sk/zp/portal_zp.pl?podrobnosti=179444 
856 4 |u https://opac.crzp.sk/?fn=detailBiblioForm&sid=9A7D98113A4E7D6F09A974A0EB46